000 00781 a2200217 4500
010 _aENG-88554
020 _a0195685180
_c2750.00
035 _aEN-72087
037 _bDBAD / PUB
082 1 4 _a743.98
090 _c8891
_d8891
100 _aNeumayer, Erwin
245 1 _aBharat Mata:
_cby Erwin Neumayer [and] Christine Schelberger
_bIndia's freedom movement in popular art/
260 _aNew Delhi
_bOxford University Press
_c2008
270 _aYMCA Library Building, Jai Singh Road
_bNew Delhi
_e110 001
300 _axx, 218p.:
_c29cm ( Hb.)
_bb & w, col. photos
500 _aIncludes index
700 _aSchelberger, Christine
942 _adpl
_cEN
_k743.98 / NEU
999 _c8730
_d8730